000 02088nam a2200181Ia 4500
005 20250508121547.0
008 240822s9999 xx 000 0 und d
020 _a9780323828604
_qpbk
041 _aeng
082 _a362.1962414 HID
100 _aHidalgo Jorge
245 0 _aCovid 19 Pandemic : lessons from the frontline
_c/ Jorge Hidalgo ; Gloria Rodriguez-Vega ; Javier Perez-Fernandez
250 _a1st ed.
260 _bElsevier, Amsterdam, Netherlands, 2022.
520 _aProviding a broad, global view of all aspects related to preparation for and management of SARS-CoV2, COVID-19 Pandemic: Lessons from the Frontline explores and challenges the basis of knowledge, the transmission of information, and the preparation and epidemiology tactics of healthcare systems worldwide. This timely and provocative volume presents real-world viewpoints from leaders in different areas of health management, who address questions such as: What will we do differently if another pandemic comes? Have we learned from our mistakes? Can we do better? This practical, wide-ranging approach also covers the problem of contrasting sources, health system preparedness, effective preparation of and protection offered to individual healthcare professionals, and the human tragedy surrounding the pandemic. Offers a global perspective on how the COVID-19 pandemic was handled, things that went wrong, and things that could be done differently in the future. Covers multiple aspects of the pandemic, including disaster preparedness; perspectives from patients, families, and healthcare providers; inequity of medical resources; risk exposure on the frontline; government decision making; lockdowns; the role of politics; the burden of COVID-19 in various countries worldwide; and future directions. Reflects on the role of professional societies and NGOs in advising governments and supranational organizations. Features a diverse list of contributors, including health decision makers and frontline healthcare personnel.
650 _aSocial problems and services to groups
942 _cREF
999 _c529215
_d529215